What is ArcGIS? /

Uloženo v:
Podrobná bibliografie
Korporativní autor: ESRI
Médium: Kniha
Jazyk:angličtina
Vydáno: Redlands, EUA : Esri, 2002, c2002
Edice:(ArcGIS 8)
Témata:
Tagy: Přidat tag
Žádné tagy, Buďte první, kdo vytvoří štítek k tomuto záznamu!

MARC

LEADER 00000nam^a2200000^a^4500
001 000169063
005 20250521000000.0
009 20260526125549.344
020 |a 1-58948-060-0 
037 |a Acervo ITESO - Biblioteca 
041 |a ING 
082 |a 910. 285  |b ESR WHA 
110 |a ESRI 
245 1 0 |a What is ArcGIS? /  |c ESRI. 
264 4 |a Redlands, EUA :  |b Esri,  |c 2002, c2002 
300 |a IV, 76 p. 
336 |a texto  |b txt  |2 rdacontenido 
337 |a sin mediación  |b n  |2 rdamedio 
338 |a volumen  |b nc  |2 rdasoporte 
440 1 |a (ArcGIS 8) 
649 |a XX 
650 |a Paquetes (Software) 
650 |a Métodos Gráficos -  |x Tema Principal 
650 |a Diseño Asistido por Computadora 
650 |a Proceso Electrónico de Datos 
650 |a Proceso de Datos 
650 |a Sistemas de Información Geográfica -  |x Tema Principal 
650 |a Comunicación Visual 
650 |a Ingeniería Computacional 
650 |a Geografía -  |x Equipo y Aparatos 
910 |a Fondo General 
920 |a Impresos - Libros 
930 |a Colección General 
905 |a 101 
901 |a 0500105768  |b IT1  |c ACC  |u 20250521 
901 |a 0500109386  |b IT1  |c ACC  |u 20250521 
901 |a 0500109401  |b IT1  |c ACC  |u 20250521 
902 |a https://opac.biblio.iteso.mx/vufind/Record/000169063